00701nam a2200205 4500999001500000001000500015003000900020005001700029008004100046040003800087082002400125245006200149260004500211300002200256505001100278650004400289700002400333942001200357952012600369 c1868d18689565BD-DhUAP20200217115515.0200217s1983 bg mx p w 0 a0eng d aBD-DhAALcBD-DhAALbEngdBD-DhUAP00223a340.5492115 BAN00aBangladesh legal decision /cEdited by Kazi Edadul Hoque. aDhaka :bBangladesh Bar Council,cc1983. avolumes ;c26 cm. aV. 3-- aLawxPsychological aspectszBangladesh. aHoque, Kazi Edadul. 2ddccBK 00102ddc4070aUAPCLbUAPCLcGeneral Stacksd2020-02-17o340.5492115 BAN V-3p3010009565r2020-02-17t1w2020-02-17yBK